Szczegóły MARC21

Nauczyciel akademicki : zajęcia dydaktyczne, jak je prowadzić, by... /

003 -Nazwa inst., której nr kontr. jest w polu 001 [,]
    • @
    • Nazwa instytucji, której n kontrolny jest w polu 001
    • NUKAT
005 -DATA I CZAS OSTATNIEJ MODYFIKACJI [,]
    • @
    • pole kontrolne
    • 20260401185242.0
020 -Międzynarod. znormalizowany nr książki - ISBN [ , ]
    • a
    • Numer ISBN
    • 9788374891424 Find
040 -Instytucja sporządzająca opis [ , ]
    • a
    • Instytucja, która sporządziła opis (NP)
    • SZCZ M/ESZ
    • c
    • Instytucja, która sporządziła rekord (NP)
    • SZCZ M/ESZ
    • d
    • Instytucja, która zmodyfikowała rekord (P)
    • LUBL U/MGa
942 -Rodzaj dokumentu [ , ]
    • c
    • Rodzaj dokumentu
    • Książka
100 -Hasło główne - nazwa osobowa [1, ]
    • a
    • Nazwa osobowa (NP)
    • Kostera, Monika
    • d
    • Daty biograficzne (NP)
    • (1963- ).
    • 9
    • KHW
    • 1492
245 -Strefa tytułu i oznaczenia odpowiedzialności [1,0]
    • a
    • Tytuł
    • Nauczyciel akademicki : Find
    • b
    • Ciąg dalszy tytułu (NP)
    • zajęcia dydaktyczne, jak je prowadzić, by... / Find
    • c
    • Pozostałe elementy strefy tytułu i oznaczenia odpowiedzialności (NP)
    • Monika Kostera, Agnieszka Rosiak.
250 -Strefa wydania [ , ]
    • a
    • Oznaczenie wydania (NP)
    • Wyd. 2.
260 -Strefa adresu wydawniczego [ , ]
    • a
    • Miejsce wydania (P)
    • Gdańsk :
    • b
    • Nazwa wydawcy (P)
    • Gdańskie Wydawnictwo Psychologiczne,
    • c
    • Data wydania (P)
    • 2008.
300 -Strefa opisu fizycznego [ , ]
    • a
    • Określenie formy książki i/lub objętość (NP)
    • 181 s. ;
    • c
    • Format (NP)
    • 21 cm.
336 -Typ zawartości [ , ]
    • a
    • Termin opisujący typ zawartości
    • Tekst
    • b
    • Kod określający zawartość
    • txt
    • 2
    • Źródło (terminu i kodu)
    • rdacontent
337 -Typ mediów [ , ]
    • a
    • Tryb odtwarzania
    • Bez urządzenia pośredniczącego
    • b
    • Kod typu mediów
    • n
    • 2
    • Źródło (terminu i kodu)
    • rdamedia
338 -Typ/rodzaj nośnika [ , ]
    • a
    • Hasło opisujące typ nośnika
    • Wolumin
    • b
    • Kod typu nośnika
    • nc
    • 2
    • Źródło (terminu i kodu)
    • rdacarrier
380 -Deskryptor - Forma dzieła (P) [ , ]
    • a
    • forma dzieła (NP)
    • Książki
500 -Uwaga ogólna [ , ]
    • a
    • Uwaga ogólna (NP)
    • Wyd. 1 ukazało się pod tyt.: Zajęcia dydaktyczne. Jak je prowadzić, by... (GWP, 2005).
500 -Uwaga ogólna [ , ]
    • a
    • Uwaga ogólna (NP)
    • Na okł.: wizerunek wykładowcy, przygotowanie do zajęć, integracja studentów, satysfakcja z pracy.
504 -Uwaga dot. bibliogr. załącznikowej [ , ]
    • a
    • Uwaga dot. bibliografii załącznikowej
    • Bibliogr. s. [180]-181.
080 -Uniwersalna Klasyfikacja Dziesiętna [ , ]
    • 2
    • Identyfikator wydania tablic
    • UDC-P058
    • a
    • Symbol klasyfikacji
    • 378.091.2-057.4
    • b
    • Dopowiedzenie
    • Nauczyciele akademiccy. Wykładowcy.
080 -Uniwersalna Klasyfikacja Dziesiętna [ , ]
    • 2
    • Identyfikator wydania tablic
    • UDC-P058
    • a
    • Symbol klasyfikacji
    • 378.091.3
    • b
    • Dopowiedzenie
    • Metodyka nauczania w szkole wyższej. Dydaktyka szkoły wyższej.
650 -Hasło przedmiotowe [ ,7]
    • a
    • Hasło przedmiotowe
    • Nauczanie
    • 2
    • Źródło terminu
    • DBN
    • 9
    • KHW
    • 722711
650 -Hasło przedmiotowe [ ,7]
    • a
    • Hasło przedmiotowe
    • Nauczyciele akademiccy i nauczycielki akademickie
    • 2
    • Źródło terminu
    • DBN
    • 9
    • KHW
    • 721668
650 -Hasło przedmiotowe [ ,7]
    • a
    • Hasło przedmiotowe
    • Praca
    • 2
    • Źródło terminu
    • DBN
    • 9
    • KHW
    • 721185
650 -Hasło przedmiotowe [ ,7]
    • a
    • Hasło przedmiotowe
    • Szkoły wyższe
    • 2
    • Źródło terminu
    • DBN
    • 9
    • KHW
    • 721204
650 -Hasło przedmiotowe [ ,7]
    • a
    • Hasło przedmiotowe
    • Dydaktyka.
    • 2
    • Źródło terminu
    • kaba
    • 9
    • KHW
    • 106688
650 -Hasło przedmiotowe [ ,7]
    • a
    • Hasło przedmiotowe
    • Nauczanie akademickie.
    • 2
    • Źródło terminu
    • kaba
    • 9
    • KHW
    • 120672
655 -Hasło w funkcji tematu formalnego [ ,7]
    • a
    • Hasło
    • Poradnik
    • 2
    • Źródło terminu
    • DBN
    • 9
    • KHW
    • 721725
658 -Ujęcie treści [ , ]
    • a
    • dziedzina nauki i sztuki/ sfera aktywności życiowej
    • Edukacja i pedagogika
658 -Ujęcie treści [ , ]
    • a
    • dziedzina nauki i sztuki/ sfera aktywności życiowej
    • Gospodarka, ekonomia, finanse
980 -Symbol UKD [ , ]
    • a
    • UKD
    • 378.091.2-057.4:378.091.3
700 -Hasło dodatkowe - nazwa osobowa [1, ]
    • a
    • Nazwa osobowa (NP)
    • Postuła, Agnieszka. Find
    • 9
    • KHW
    • 494002
920 -ISBN [ , ]
    • a
    • ISBN
    • 978-83-7489-142-4 Find
Status udost. Numer inwentarzowy Data inwentaryzacji Lokalizacja
-3Pd.201242009-07-08BG
1Pd.201232009-07-08BG
1H.374842024-04-16BNS